Nuevas bases de la electrocardiografía / (Record no. 171373)

MARC details
000 -LEADER
campo de control de longitud fija 00588nam a22001815i 4500
001 - NÚMERO DE CONTROL
campo de control 171373
003 - IDENTIFICADOR DE NÚMERO DE CONTROL
campo de control ES-MaACL
005 - FECHA Y HORA DE LA ÚLTIMA TRANSACCIÓN
campo de control 20230906214620.0
008 - DATOS DE LONGITUD FIJA--INFORMACIÓN GENERAL
campo de control de longitud fija 090513s1949 mx |||| | spa d
080 ## - NÚMERO DE LA CLASIFICACIÓN DECIMAL UNIVERSAL
Número de la Clasificación Decimal Universal 616.12-073.97
100 1# - ENTRADA PRINCIPAL--NOMBRE DE PERSONA
Nombre de persona Sodi Pallarés, Demetrio.
9 (RLIN) 140099
245 10 - MENCIÓN DEL TÍTULO
Título Nuevas bases de la electrocardiografía /
Mención de responsabilidad, etc. Demetrio Sodi Pallarés.
250 ## - MENCION DE EDICION
Mención de edición 2ª ed.
260 ## - PUBLICACIÓN, DISTRIBUCIÓN, ETC.
Lugar de publicación, distribución, etc. México :
Nombre del editor, distribuidor, etc. Instituto Nacional de Cardiología,
Fecha de publicación, distribución, etc. 1949.
300 ## - DESCRIPCIÓN FÍSICA
Extensión XII, 535 p., 1 h. pleg. :
Otras características físicas il. ;
Dimensiones 24 cm.
650 14 - PUNTO DE ACCESO ADICIONAL DE MATERIA--TÉRMINO DE MATERIA
Término de materia o nombre geográfico como elemento de entrada Electrocardiografía.
9 (RLIN) 140101
852 ## - LOCALIZACIÓN
Ubicación ES-MaACL
Número de control de estantería D-7287
itemnumber R.28837
Holdings
Estatus retirado Estado de pérdida Estado de daño No para préstamo Biblioteca de origen Biblioteca actual Ubicación en estantería Fecha de adquisición Fuente de adquisición Total de préstamos Signatura topográfica completa Código de barras Visto por última vez Precio de reemplazo Tipo de ítem Koha
        Biblioteca del Ateneo de Madrid Biblioteca del Ateneo de Madrid Sala Valle Inclán 13/05/2009     D-7287 901179848 23/02/2023 23/02/2023 Libro impreso